Načítá se...

Dahleej par nyaya/

Podrobná bibliografie
Hlavní autor: Chandrakanta
Médium: Printed Book
Vydáno: Kanpur: Aman Prakashan, 2015.
Témata:
LEADER 00724nam a22001817a 4500
020 |a 9789383682881` 
082 |a H301  |b CHA/D 
100 |a Chandrakanta  |9 112261 
245 |a Dahleej par nyaya/  |c by Chandrakanta. 
260 |a Kanpur:  |b Aman Prakashan,  |c 2015. 
300 |a 136p. 
650 |a Stories Hindi  |9 112262 
650 |a Literature Hindi  |9 112263 
650 |a Literature  |9 112264 
942 |c BK 
999 |c 72027  |d 72027 
952 |0 0  |1 0  |4 0  |6 H_301_000000000000000_CHA_D  |7 0  |9 92652  |a SSUS  |b SSUS  |c STACKS  |d 2018-06-05  |g 250.00  |l 1  |o H301 CHA/D  |p 089504  |r 2018-07-03  |s 2018-06-14  |w 2018-06-05  |y BK 
952 |0 0  |1 0  |4 0  |6 H_301_000000000000000_CHA_D  |7 0  |9 92653  |a SSUS  |b SSUS  |c STACKS  |d 2019-02-15  |g 250.00  |o H301 CHA/D  |p 093506  |r 2019-07-11  |w 2019-02-15  |y BK